=LDR 00000nam 2200000 4500 =001 INLIS000000000006792 =005 20130612094905 =008 ***********************************Ind** =035 ##$$0010-061300000006792 =041 ##$$a Ind =082 ##$$a 2x4.222 =090 ##$$a 2x4.222, Suu r =100 ##$$a Sou'yb, Josef =245 ##$$a Riba rentenir Bank dan masalah aurat wanita alam pikiran di Mekah wahyu dan akal, Josef Sou'yb =260 ##$$a 1987 $b Medan =300 ##$$a viii, 207 hlm., 21cm =650 ##$$a Islam-Riba =850 ##$$a NBPNMAT